Libro almanaque escuela para todos 1995 (Registro nro. 26448)

Detalles MARC
000 -CABECERA
Longitud fija campo de control 00500nam a2200181 a 4500
001 - NÚMERO DE CONTROL
Número de control ES-MaREB00264506-7
003 - IDENTIFICADOR DELl NÚMERO DE CONTROL
Identificador del número de control OSt
005 - FECHA Y HORA DE LA ÚLTIMA TRANSACCIÓN
Fecha y hora de la última transacción 20161104103154.0
008 - CÓDIGOS DE INFORMACIÓN DE LONGITUD FIJA
Códigos de información de longitud fija 020226s1996 esp 001 spa d
040 ## - FUENTE DE LA CATALOGACIÓN
Centro transcriptor CRI
Centro catalogador de origen BMC
082 ## - NÚMERO DE LA CLASIFICACIÓN DECIMAL DEWEY
Númeroo de clasificación 030
245 00 - MENCIÓN DE TÍTULO
Título Libro almanaque escuela para todos 1995
260 ## - PUBLICACIÓN, DISTRIBUCIÓN, ETC. (PIE DE IMPRENTA)
Lugar de publicación, distribución, etc. Costa Rica
Nombre del editor, distribuidor, etc. Grupo editorial Escuela para todos
Fecha de publicación, distribución, etc. 1995
300 ## - DESCRIPCIÓN FÍSICA
Extensión 176 p.
Otras características físicas il. col.
Dimensiones 20 cm
490 ## - MENCIÓN DE SERIE
Mención de serie Escuela para todos
650 24 - PUNTO DE ACCESO ADICIONAL DE MATERIA - TÉRMINO DE MATERIA
9 (RLIN) 32392
Término de materia o nombre geográfico como elemento inicial Almanaques
942 ## - ENTRADA DE ELEMENTOS AGREGADOS (KOHA)
Fuente de clasificaión o esquema Dewey Decimal Classification
Koha [por defecto] tipo de item 1- Monografias
Parte de clasificación ahoj
Existencias
Suprimido Perdido Fuente de clasificación o esquema Estropeado Restricciones de uso No para préstamo Código de colección Localización permanente Localización actual Localización en estanter&íacute;as Fecha adquisición Fuente de adquisición Número de inventario Préstamos totales Signatura completa Código de barras Fecha última consulta Fecha del precio de reemplazo Tipo de item de Koha
NULL NULL Dewey Decimal Classification NULL Prestable NULL NULL Biblioteca Centro Regional de Ilobasco Biblioteca Centro Regional de Ilobasco Sala Principal 01/04/2010 CRI LI002670   030 ALM 1039402 04/11/2016 04/11/2016 1- Monografias